000 01158nam a22003617a 4500
001 0028806
003 KOHA_MİRAKIL
005 20260207002642.0
007 ta
008 110323b2002 tu a|||gr||||#||||0|tur |
020 _a9755853146
_c0,01
040 _aTR-BiSEU
_btur
_cTR-BiSEU
_erda
041 0 _atur
044 _ctu
050 _aDS51.K37
_bK37 2002
245 1 _aKoruma ve kültürü ve Kastamonu.
264 1 _aKastamonu :
_bKastamonu Valiliği
_c2002
300 _a160 sayfa :
_bres. ;
_c24 cm.
336 _ametin
_btxt
_2rdacontent
337 _aaracısız
_bn
_2rdamedia
338 _acilt
_bnc
_2rdacarrier
490 1 _aKastamonu Valiliği.
490 1 _aİl Özel İdare Müdürlüğü yayını ;
_v10.
650 0 _aKastamonu (Turkey)--History.
_937802
650 0 _aKastamonu (Turkey)--Description and travel.
_957044
650 0 _aKastamonu (Türkiye)--Tarih.
_937804
650 0 _aKastamonu (Türkiye)--Betimleme ve seyahat.
_957045
650 0 _aCulture.
_99657
650 0 _aKültür.
_99654
830 1 _aKastamonu Valiliği.
_957046
830 1 _aİl Özel İdare Müdürlüğü yayını ;
_v10.
_957047
942 _2lcc
_cBK
999 _c28728
_d28728